000 00204nam a22000857a 4500
008 170121b xxu||||| |||| 00| 0 eng d
100 _92526
_aJain.S.K.
245 _aScience-7
260 _aNew Delhi
_bPrachi
_c2015
999 _c5611
_d5611